<?xml version="1.0" encoding="UTF-8"?>
<marc:record xmlns:marc="http://www.loc.gov/MARC21/slim">
   <marc:leader>00000nam a2200000 a 4500</marc:leader>
   <marc:datafield ind1="1" ind2=" " tag="100">
      <marc:subfield code="a">Orrù-Benterbusch, Susanne</marc:subfield>
      <marc:subfield code="4">aut</marc:subfield>
      <marc:subfield code="e">Verfasser/-in</marc:subfield>
   </marc:datafield>
   <marc:datafield ind1=" " ind2=" " tag="653">
      <marc:subfield code="a">Softcover / Ratgeber/Natur/Hobbytierhaltung</marc:subfield>
   </marc:datafield>
   <marc:datafield ind1=" " ind2=" " tag="653">
      <marc:subfield code="a">Ratgeber</marc:subfield>
   </marc:datafield>
   <marc:datafield ind1="0" ind2="0" tag="245">
      <marc:subfield code="a">Dein Seelenhund zeigt dir den Weg</marc:subfield>
   </marc:datafield>
   <marc:datafield ind1="0" ind2="0" tag="245">
      <marc:subfield code="b">ein Praxis-Leitfaden für eine gesunde &amp; glückliche Mensch-Hund-Beziehung</marc:subfield>
   </marc:datafield>
   <marc:datafield ind1="0" ind2="0" tag="245">
      <marc:subfield code="c">Susanne Orrù-Benterbusch</marc:subfield>
   </marc:datafield>
   <marc:datafield ind1=" " ind2="1" tag="264">
      <marc:subfield code="a">Darmstadt</marc:subfield>
      <marc:subfield code="b">Schirner Verlag</marc:subfield>
   </marc:datafield>
   <marc:datafield ind1=" " ind2=" " tag="250">
      <marc:subfield code="a">1. Auflage</marc:subfield>
   </marc:datafield>
   <marc:datafield ind1="1" ind2=" " tag="520">
      <marc:subfield code="a">Angaben aus der Verlagsmeldung

Dein Seelenhund zeigt dir den Weg : Ein Praxis-Leitfaden für eine gesunde und glückliche Mensch-Hund-Beziehung / von Susanne Orrù-Benterbusch

Dieses Buch ist eine Liebeserklärung an alle Hundeseelen dieser Welt. Es vermittelt wertvolle Informationen rund um das Thema »Hundegesundheit«: Ernährung, Impfungen, Parasiten, Umweltgifte, Naturheilkunde, Heil- und Energiearbeit und vieles mehr. Gleichzeitig macht es dem Leser bewusst, was er alles durch seinen Hund lernen kann. Mit diesem Leitfaden kann der Leser die Beziehung zu seinem vierbeinigen Begleiter neu entdecken und erkennen, dass ihm dieser nicht nur ein bedingungslos liebender Lebensgefährte, sondern auch eine große Hilfe für sein geistiges und spirituelles Wachstum ist.
</marc:subfield>
   </marc:datafield>
   <marc:datafield ind1=" " ind2=" " tag="020">
      <marc:subfield code="a">9783843412957</marc:subfield>
      <marc:subfield code="9">9783843412957</marc:subfield>
   </marc:datafield>
   <marc:datafield ind1=" " ind2=" " tag="020">
      <marc:subfield code="a">3843412952</marc:subfield>
      <marc:subfield code="9">3843412952</marc:subfield>
   </marc:datafield>
   <marc:datafield ind1=" " ind2=" " tag="041">
      <marc:subfield code="a">ger</marc:subfield>
   </marc:datafield>
   <marc:datafield ind1=" " ind2=" " tag="300">
      <marc:subfield code="a">262 Seiten</marc:subfield>
   </marc:datafield>
</marc:record>
